[Event "AUTO-ADV-4809"]
[Site "http://www.queenalice.com/game.php?id=1842828"]
[Date "2024.9.1"]
[Round "1"]
[White "Daniel1962"]
[Black "wiktormool"]
[Result "0-1"]
[WhiteElo "1754"]
[BlackElo "1918"]

1. e4 c5 2. Bc4 Nc6 3. Nf3 h6 4. d3 Nf6 5. e5 Ng4 6. Be3 e6 7. Qd2 a6 8. h3
Ngxe5 9. Nxe5 Nxe5 10. O-O b5 11. Bb3 Qc7 12. d4 Ng6 13. dxc5 Bxc5 14. Bxc5 Qxc5
15. c3 Bb7 16. Rd1 Bc6 17. Bc2 Nh4 18. b4 Qa7 19. Qf4 Nxg2 20. Qg3 g6 21. Kh2 g5
22. Nd2 Qb7 23. a4 a5 24. bxa5 Rxa5 25. f3 Ne3 26. Rdc1 Nxc2 27. Rxc2 bxa4 28.
Nc4 Rd5 29. Rb2 Rb5 30. Nd6+ Ke7 31. Nxb7 Rxb2+ 32. Kg1 Rxb7 33. Qe5 Rbb8 34.
Qc5+ Kd8 35. Qa7 Ke7 36. Kf2 Rb3 37. Qd4 Rg8 38. Rd1 f6 39. Qd6+ Kf7 40. c4
Rxf3+ 41. Ke2 Rf4 42. h4 Rxh4 43. c5 Ra8 44. Qd3 Kg7 45. Qc3 Rh2+ 46. Ke1 a3 47.
Qg3 Rh1+ 48. Kd2 Rxd1+ 49. Kxd1 a2 50. Qd6 a1=Q+ 51. Kd2 Qb2+ 52. Kd3 Ra3+ 0-1

[Event "AUTO-ADV-4809"]
[Site "http://www.queenalice.com/game.php?id=1842829"]
[Date "2024.9.1"]
[Round "1"]
[White "wiktormool"]
[Black "Daniel1962"]
[Result "1-0"]
[WhiteElo "1927"]
[BlackElo "1728"]

1. c4 c5 2. Nc3 e6 3. g3 Bd6 4. Bg2 Nf6 5. Nh3 Nc6 6. e4 Be5 7. Ne2 Nd4 8. f4
Bc7 9. e5 Ng4 10. Nxd4 cxd4 11. Qxg4 g6 12. Qg5 Qxg5 13. Nxg5 Bd8 14. Ne4 Be7
15. d3 Bb4+ 16. Bd2 Bxd2+ 17. Nxd2 Rb8 18. Nb3 b6 19. Nxd4 Bb7 20. Bxb7 Rxb7 21.
Nb5 O-O 22. h4 f5 23. h5 a6 24. Nd6 Rc7 25. hxg6 hxg6 26. Kd2 b5 27. Rac1 bxc4
28. Rxc4 Rxc4 29. dxc4 a5 30. a4 Rb8 31. Kc3 Rb4 32. b3 Rb8 33. Rd1 Kh7 34. Nf7
Rb7 35. Rd6 Kg7 36. Ng5 Kh6 37. Nh3 Kh5 38. Nf2 g5 39. Ra6 gxf4 40. gxf4 Kh4 41.
Rxa5 Kg3 42. Nd3 Rb6 43. Rc5 d6 44. exd6 Rxd6 45. Re5 Kf3 46. c5 Rc6 47. b4 Kg4
48. b5 Rc8 49. Rxe6 Ra8 50. Kb3 Rd8 51. Re3 Rxd3+ 52. Rxd3 Kxf4 53. c6 Ke4 54.
Kc4 f4 55. c7 f3 56. Rxf3 Kxf3 57. c8=Q 1-0

[Event "AUTO-ADV-4809"]
[Site "http://www.queenalice.com/game.php?id=1842841"]
[Date "2024.9.1"]
[Round "1"]
[White "wiktormool"]
[Black "Magnaroc"]
[Result "0-1"]
[WhiteElo "1916"]
[BlackElo "1963"]

1. c4 e5 2. Nc3 Nf6 3. Nf3 Nc6 4. a3 a5 5. Nd5 d6 6. d3 Be6 7. Bg5 Be7 8. Qb3
Qc8 9. h3 a4 10. Nxf6+ gxf6 11. Bh6 axb3 0-1

[Event "AUTO-ADV-4809"]
[Site "http://www.queenalice.com/game.php?id=1842846"]
[Date "2024.9.1"]
[Round "1"]
[White "Petruzza"]
[Black "wiktormool"]
[Result "0-1"]
[WhiteElo "1954"]
[BlackElo "1935"]

1. e4 c5 2. c4 Nc6 3. Nc3 Nf6 4. d3 h6 5. f4 e5 6. f5 a6 7. Be3 Nd4 8. Nd5 Nxd5
9. cxd5 d6 10. Nf3 Qb6 11. b3 Bd7 12. Nxd4 cxd4 13. Bd2 Rc8 14. Rc1 Be7 15. h4
Qd8 16. g4 Bxh4+ 17. Ke2 g6 18. a4 b5 19. axb5 g5 20. bxa6 Qb6 21. Rxc8+ Bxc8
22. Qa1 Bxa6 23. Qa4+ Ke7 24. Ba5 Qa7 25. b4 Qb7 26. Bh3 Rc8 27. Rb1 Bb5 28. Qd1
Rc3 29. Rb3 Bxd3+ 30. Qxd3 Rxd3 31. Rxd3 f6 32. Bf1 Qb5 33. Kf3 Qa4 34. Be2 Be1
35. Rd1 Bxb4 36. Bxb4 Qxb4 37. Kf2 Kf7 38. Rd3 Qb1 39. Bf1 Qc1 40. Rf3 Qc2+ 41.
Kg3 Qxe4 42. Bc4 Qe1+ 43. Kg2 Qd1 44. Bd3 Qd2+ 45. Kh3 Qe1 46. Kg2 e4 0-1

[Event "AUTO-ADV-4809"]
[Site "http://www.queenalice.com/game.php?id=1842847"]
[Date "2024.9.1"]
[Round "1"]
[White "wiktormool"]
[Black "Petruzza"]
[Result "1-0"]
[WhiteElo "1883"]
[BlackElo "1881"]

1. c4 e5 2. Nc3 Bb4 3. Nd5 Bc5 4. e3 c6 5. Nc3 Nf6 6. Nf3 d6 7. a3 Be6 8. h3 h6
9. g3 e4 10. Nh2 Nbd7 11. Bg2 d5 12. d4 Bb6 13. c5 Ba5 14. b4 Bc7 15. a4 a6 16.
Qe2 a5 17. b5 g5 18. b6 Bb8 19. Bd2 h5 20. Rf1 g4 21. h4 O-O 22. Qd1 Nh7 23. Ne2
f5 24. Nf4 Qe8 25. Rg1 Ndf6 26. Bc3 Rf7 27. Qd2 Bxf4 28. exf4 e3 29. fxe3 Ne4
30. Bxe4 fxe4 31. Bxa5 Nf6 32. Bb4 Nd7 33. a5 Nf8 34. Qe2 Ng6 35. a6 Rxa6 36.
Rxa6 bxa6 37. Qxa6 Bc8 38. Qa4 Rb7 39. Kf2 Rb8 40. Rb1 Bb7 41. Nf1 Ra8 42. Ba5
Ra6 43. Nd2 Ne7 44. Nb3 Nf5 45. Qb4 Qa8 46. Ra1 Kf7 47. Ra3 Ne7 48. Na1 Kf6 49.
Nc2 Qd8 50. Qc3 Ra8 51. Bb4 Ba6 52. Ba5 Bb7 53. Qb2 Ng6 54. Bc3 Nf8 55. Rxa8
Qxa8 56. Na1 Nd7 57. Nb3 Qa4 58. Na5 Ba6 59. Bd2 Bb5 60. Nb7 Qc4 61. Qc1 Nb8 62.
Nd6 Qe2+ 63. Kg1 Nd7 64. Qe1 Qxe1+ 65. Bxe1 Nb8 66. Ne8+ Kf7 67. Nd6+ Ke7 68.
Bd2 Nd7 69. Ba5 Nb8 70. Kf2 Kf6 71. Ke1 Ke7 72. Kd2 Kf6 73. Kc3 Ke7 74. Nxb5
cxb5 75. Kb4 Kd7 76. Kxb5 Kc8 77. c6 Nxc6 78. Kxc6 Kb8 79. Kxd5 1-0

[Event "AUTO-MASTER-3238"]
[Site "http://www.queenalice.com/game.php?id=1846764"]
[Date "2024.11.7"]
[Round "1"]
[White "BeatifulDevil56"]
[Black "wiktormool"]
[Result "1-0"]
[WhiteElo "2244"]
[BlackElo "1944"]

1. c4 c5 2. Nc3 Nc6 3. e4 Nf6 4. d3 g6 5. Bg5 Bg7 6. Nf3 a6 7. Qd2 h6 8. Be3 d6
9. h3 e6 10. d4 cxd4 11. Nxd4 Bd7 12. Nc2 Ne5 13. f4 Nc6 14. O-O-O Nh5 15. g4
Ng3 16. Rg1 Nxf1 17. Rgxf1 a5 18. Qxd6 Bxc3 19. bxc3 Qe7 20. Qd2 O-O-O 21. Qf2
Kb8 22. Bc5 Qe8 23. Na3 Ne7 24. Bd6+ Ka8 25. Qb6 Rc8 26. Qxa5# 1-0

[Event "AUTO-MASTER-3238"]
[Site "http://www.queenalice.com/game.php?id=1846780"]
[Date "2024.11.7"]
[Round "1"]
[White "CCapivara"]
[Black "wiktormool"]
[Result "1-0"]
[WhiteElo "2193"]
[BlackElo "1974"]

1. e4 c5 2. Nf3 a6 3. d4 e6 4. Nc3 cxd4 5. Nxd4 Bb4 6. Bd2 Nf6 7. Bd3 Bc5 8. Nb3
Bb6 9. Qf3 Nc6 10. Qg3 g6 11. O-O-O Nh5 12. Qf3 Ne5 13. Qe2 Qf6 14. f3 d6 15.
Kb1 Bd7 16. Rhf1 Rc8 17. f4 Nc6 18. g4 Ng7 19. g5 Qe7 20. h4 Nh5 21. Qf3 Bd4 22.
Nxd4 Nxd4 23. Qf2 e5 24. Nd5 Qd8 25. fxe5 dxe5 26. Qxf7# 1-0

[Event "AUTO-MASTER-3238"]
[Site "http://www.queenalice.com/game.php?id=1846781"]
[Date "2024.11.7"]
[Round "1"]
[White "wiktormool"]
[Black "CCapivara"]
[Result "0-1"]
[WhiteElo "1967"]
[BlackElo "2221"]

1. c4 e5 2. a3 d6 3. Nc3 f5 4. g3 Nf6 5. Bg2 c6 6. Nh3 Be7 7. d3 O-O 8. Bf3 Kh8
9. Bd2 Be6 10. Ng5 Bg8 11. h4 Nbd7 12. e3 d5 13. cxd5 Nxd5 14. Qc2 Nxc3 15. Bxc3
Bxg5 16. hxg5 Qxg5 17. O-O-O h6 18. Rh5 Qe7 19. Rdh1 Bh7 20. e4 Nf6 21. R5h4
fxe4 22. Bxe4 Nxe4 23. dxe4 Rf3 24. Qe2 Raf8 25. R1h2 Qc5 0-1

[Event "AUTO-MASTER-3238"]
[Site "http://www.queenalice.com/game.php?id=1846790"]
[Date "2024.11.7"]
[Round "1"]
[White "Kapablanca"]
[Black "wiktormool"]
[Result "1-0"]
[WhiteElo "2130"]
[BlackElo "1930"]

1. d4 e6 2. c4 c5 3. d5 exd5 4. cxd5 Bd6 5. Nc3 a6 6. e4 b5 7. Bd3 c4 8. Bc2 Bb7
9. Nf3 h6 10. O-O Nf6 11. Re1 Bc5 12. h3 O-O 13. Be3 Bb4 14. Qd2 Re8 15. Bxh6
gxh6 16. Qxh6 Nh7 17. e5 f5 18. Bxf5 Qe7 19. e6 Qg7 20. Bxh7+ Qxh7 21. Qxh7+
Kxh7 22. Rad1 dxe6 23. Ng5+ 1-0

[Event "AUTO-MASTER-3238"]
[Site "http://www.queenalice.com/game.php?id=1846791"]
[Date "2024.11.7"]
[Round "1"]
[White "wiktormool"]
[Black "Kapablanca"]
[Result "1-0"]
[WhiteElo "1940"]
[BlackElo "2074"]

1. c4 e6 2. a3 Nf6 3. Nc3 d5 4. cxd5 exd5 5. d4 c6 6. Bg5 Be7 7. h3 O-O 8. e3
Re8 9. h4 Nbd7 10. Nh3 Nf8 11. Nf4 Ne6 12. Qc2 Ng4 13. Be2 Bxg5 14. Nxe6 Bxe6
15. hxg5 Qxg5 16. Qxh7+ Kf8 17. f4 Qg6 18. Qxg6 fxg6 19. Bxg4 Bxg4 20. Rh4 Bf5
21. Kd2 Kf7 22. g4 Bd7 23. Ne2 Rh8 24. Rah1 Rxh4 25. Rxh4 Re8 26. g5 Bf5 27. Nc3
Ke6 28. Rh7 Re7 29. Rh8 Kd6 30. Na4 b6 31. b4 Kc7 32. Nc3 b5 33. Ne2 Bg4 34. Ng1
Kd7 35. Rh4 Bf5 36. Nf3 Kc7 37. Ne5 Kb6 38. Rh8 Be4 39. Rc8 Rc7 40. Rh8 a5 41.
Kc3 axb4+ 42. Kxb4 Bf5 43. Rd8 Kb7 44. Kc5 Be4 45. Rd6 Bf5 46. Rxc6 Rxc6+ 47.
Nxc6 Bd3 48. Kxd5 1-0

[Event "AUTO-ADV-4824"]
[Site "http://www.queenalice.com/game.php?id=1846855"]
[Date "2024.11.7"]
[Round "1"]
[White "atbn"]
[Black "wiktormool"]
[Result "1-0"]
[WhiteElo "1784"]
[BlackElo "1922"]

1. e4 c5 2. c3 Nc6 3. d4 cxd4 4. cxd4 d5 5. Nc3 dxe4 6. Bb5 Bd7 7. Bf4 Qa5 8.
Ne2 Nf6 9. O-O a6 10. Bc4 e6 11. Ng3 Qb6 12. Ncxe4 Nxe4 13. Nxe4 Qxd4 14. Qxd4
Nxd4 15. Rfd1 Nf5 16. g4 Nh6 17. Bxh6 gxh6 18. Nf6+ 1-0

[Event "AUTO-ADV-4824"]
[Site "http://www.queenalice.com/game.php?id=1846856"]
[Date "2024.11.7"]
[Round "1"]
[White "wiktormool"]
[Black "atbn"]
[Result "0-1"]
[WhiteElo "1900"]
[BlackElo "1867"]

1. c4 e5 2. a3 a5 3. Nc3 c6 4. g3 d5 5. e3 Nf6 6. Bg2 Be6 7. cxd5 cxd5 8. Qa4+
Qd7 9. Qd1 Bd6 10. Bf1 O-O 11. Bg2 d4 12. Na4 dxe3 13. dxe3 Ra6 14. Ne2 Rc8 15.
O-O e4 16. Nec3 b5 17. Nxe4 Nxe4 18. Bxe4 bxa4 0-1

[Event "AUTO-ADV-4824"]
[Site "http://www.queenalice.com/game.php?id=1846867"]
[Date "2024.11.7"]
[Round "1"]
[White "Daniel1962"]
[Black "wiktormool"]
[Result "0-1"]
[WhiteElo "1717"]
[BlackElo "1899"]

1. d4 e6 2. Bf4 c6 3. Nc3 Bb4 4. Qd3 Nf6 5. Nf3 d6 6. a3 Bxc3+ 7. Qxc3 Nd5 8.
Qd2 h6 9. e4 Nf6 10. e5 Ne4 11. Qe2 d5 12. Qe3 Qa5+ 13. c3 Qa4 14. Bd3 f5 15.
exf6 Nxf6 16. Bg6+ Kf8 17. Bd6+ Kg8 18. Ne5 Ne4 19. Bxe4 dxe4 20. Qxe4 Nd7 21.
Ng6 Nf6 22. Ne7+ Kf8 23. Qf4 Ke8 24. Nxc8 Rxc8 25. Qg3 Rg8 26. Qg6+ Kd7 27. Bb4
Kc7 28. Qg3+ Kb6 29. c4 Ka6 30. O-O Qc2 31. Bc3 b6 32. b4 Ne4 33. b5+ Kb7 34.
bxc6+ Rxc6 35. Rfc1 Qxc1+ 36. Rxc1 Nxg3 37. fxg3 Rxc4 38. g4 Rgc8 39. h4 Rxc3
40. Re1 Rc1 41. Rxc1 Rxc1+ 42. Kf2 Ra1 43. h5 Rxa3 44. g3 Rd3 45. Ke2 Rxd4 46.
Kf3 e5 47. g5 hxg5 48. g4 b5 0-1

[Event "AUTO-ADV-4824"]
[Site "http://www.queenalice.com/game.php?id=1846868"]
[Date "2024.11.7"]
[Round "1"]
[White "wiktormool"]
[Black "Daniel1962"]
[Result "1-0"]
[WhiteElo "1908"]
[BlackElo "1708"]

1. c4 e6 2. Nc3 c6 3. Nf3 Bc5 4. d4 Bb4 5. Bd2 Bxc3 6. Bxc3 Nf6 7. Qd3 d5 8. c5
Ne4 9. g3 Nd7 10. Bg2 Ndf6 11. Ne5 O-O 12. f3 Nxc3 13. Qxc3 b5 14. Nxc6 Qc7 15.
Ne5 a5 16. a3 b4 17. Qd2 bxa3 18. Rxa3 Nd7 19. Nxd7 Bxd7 20. O-O a4 21. Rc1 Bb5
22. e3 e5 23. f4 exf4 24. exf4 Bc6 25. Re1 Rae8 26. b4 axb3 27. Rxb3 Rxe1+ 28.
Qxe1 Re8 29. Re3 Rxe3 30. Qxe3 h6 31. h4 f6 32. Qb3 Qa5 33. Bxd5+ Bxd5 34. Qxd5+
Kh8 35. Qe4 Qa3 36. Qe1 Qd3 37. Qf2 g5 38. fxg5 fxg5 39. g4 Qd1+ 40. Kh2 Qxg4
41. Qf6+ Kh7 42. hxg5 hxg5 43. Qf7+ Kh6 44. Qf8+ Kg6 45. Qg8+ Kf5 46. Qc8+ Kf4
47. Qxg4+ Kxg4 48. Kg2 Kf5 49. Kg3 Ke4 50. c6 Kxd4 51. c7 1-0

[Event "AUTO-OPEN-4545"]
[Site "http://www.queenalice.com/game.php?id=1847594"]
[Date "2024.11.22"]
[Round "2"]
[White "wiktormool"]
[Black "MarcosT"]
[Result "0-1"]
[WhiteElo "1916"]
[BlackElo "2101"]

1. c4 e5 2. Nc3 Nf6 3. e3 Nc6 4. a3 Be7 5. g3 d5 6. cxd5 Nxd5 7. Nxd5 Qxd5 8.
Nf3 Bg4 9. Be2 O-O-O 10. h3 Bh5 11. d3 f5 12. Rg1 e4 13. Nh2 Bxe2 14. Qxe2 exd3
15. Qd2 Rhe8 16. b4 Bf6 17. Rb1 Nd4 18. Kf1 Nb3 19. Qa2 d2 0-1

[Event "AUTO-OPEN-4545"]
[Site "http://www.queenalice.com/game.php?id=1847595"]
[Date "2024.11.22"]
[Round "2"]
[White "MarcosT"]
[Black "wiktormool"]
[Result "0-1"]
[WhiteElo "2107"]
[BlackElo "1907"]

1. d4 e6 2. e3 c5 3. c3 Nc6 4. Bd3 Nf6 5. Nd2 d5 6. f4 c4 7. Bc2 b5 8. Ngf3 Ng4
9. O-O Nxe3 10. Qe2 Nxf1 11. Kxf1 h6 12. b3 Bd6 13. Ne5 Bxe5 14. fxe5 a5 15. Nf3
Ba6 16. Kg1 b4 17. Bd2 bxc3 18. Bxc3 cxb3 19. Bd3 Bxd3 20. Qxd3 Nb4 21. Bxb4
axb4 22. Qb5+ Qd7 23. Qxb4 Qa4 24. Qe1 b2 25. Rb1 Qxa2 0-1

[Event "AUTO-OPEN-4545"]
[Site "http://www.queenalice.com/game.php?id=1847596"]
[Date "2024.11.22"]
[Round "2"]
[White "wiktormool"]
[Black "josekasparov"]
[Result "0-1"]
[WhiteElo "1959"]
[BlackElo "2549"]

1. c4 e5 2. Nc3 Nf6 3. h3 d5 4. cxd5 Nxd5 5. Qa4+ Nc6 6. g3 Nb6 7. Qe4 f5 8. Qb1
Be6 9. Bg2 Qd7 10. a3 O-O-O 11. d3 Be7 12. Be3 g5 13. Nb5 Kb8 14. Qc2 Bd5 15. f3
f4 16. Bf2 Na5 17. a4 Bb4+ 18. Kf1 Bb3 19. Qc1 Bxa4 20. Bxb6 cxb6 21. Qc7+ Qxc7
22. Nxc7 Bb3 23. Nb5 Rc8 24. h4 h6 25. hxg5 hxg5 26. gxf4 Rxh1 27. Bxh1 gxf4 28.
Bg2 Rc2 29. Na3 Rxb2 30. Bh3 Ba2 0-1

[Event "AUTO-OPEN-4545"]
[Site "http://www.queenalice.com/game.php?id=1847597"]
[Date "2024.11.22"]
[Round "2"]
[White "josekasparov"]
[Black "wiktormool"]
[Result "1-0"]
[WhiteElo "2545"]
[BlackElo "1961"]

1. e4 c5 2. Nf3 Nc6 3. Bb5 Qb6 4. Nc3 e6 5. O-O Bd6 6. a4 a6 7. Bc4 Qc7 8. h3 h6
9. d4 cxd4 10. Nxd4 Nxd4 11. Qxd4 Be5 12. Qd3 Nf6 13. Bb3 Bxc3 14. bxc3 O-O 15.
Ba3 Re8 16. Bd6 Qc6 17. Rfe1 b6 18. Be5 Nh5 19. Qf3 f6 20. Qxh5 Rf8 21. Bf4 Qc5
22. e5 fxe5 23. Qxe5 1-0

[Event "AUTO-ADV-4844"]
[Site "http://www.queenalice.com/game.php?id=1851280"]
[Date "2025.1.31"]
[Round "1"]
[White "wiktormool"]
[Black "eloy"]
[Result "1-0"]
[WhiteElo "1957"]
[BlackElo "1666"]

1. c4 e5 2. a3 Nf6 3. Nc3 Nc6 4. g3 Bc5 5. e3 d6 6. Bg2 a5 7. Qa4 Bd7 8. Qb3 Be6
9. Qxb7 d5 10. Qxc6+ Bd7 11. Qxc5 c6 12. Nf3 Qe7 13. Qxe7+ Kxe7 14. Nxe5 Rhe8
15. cxd5 cxd5 16. Nxd5+ Nxd5 17. Bxd5 Ra7 18. Bc6 Rd8 19. Bxd7 Kf6 20. Ng4+ Kg5
21. Ne5 Kf6 22. d4 Ke7 23. Nc6+ Kxd7 24. Nxa7 1-0

[Event "AUTO-ADV-4844"]
[Site "http://www.queenalice.com/game.php?id=1851282"]
[Date "2025.1.31"]
[Round "1"]
[White "wiktormool"]
[Black "MMA34"]
[Result "1-0"]
[WhiteElo "2000"]
[BlackElo "1923"]

1. c4 e6 2. a3 d5 3. cxd5 exd5 4. Nc3 Nf6 5. d4 Be7 6. h3 c6 7. Nf3 h6 8. Be3 b5
9. b4 Bf5 10. Bf4 a5 11. Bxb8 Qxb8 12. e3 axb4 13. axb4 O-O 14. Ne5 Qb7 15. Na2
Ra4 16. Bd3 Bxd3 17. Nxd3 Rfa8 18. Qb3 Ra3 19. Qc2 Qa6 20. Ndc1 Ne4 21. O-O Nc3
22. Nb3 Rxa2 23. Qxc3 Rxa1 24. Rxa1 Qb7 25. Na5 Qa6 26. g3 Bd8 27. Kg2 Bxa5 28.
bxa5 Rb8 29. Qb4 Rb7 30. Rc1 Ra7 31. Ra1 g6 32. Qd6 Qc8 33. Qc5 Qb7 34. Kf3 Qc7
35. h4 Kg7 36. Ke2 h5 37. Qb6 Qxb6 38. axb6 Rb7 39. Ra6 Kf6 40. Kd3 Ke6 41. f3
f5 42. Kc3 Kd6 43. Kb4 Ke6 44. Kc5 Kd7 45. Ra7 Kc8 46. Kxc6 Rb8 47. b7+ 1-0

[Event "AUTO-MASTER-3251"]
[Site "http://www.queenalice.com/game.php?id=1851655"]
[Date "2025.2.6"]
[Round "1"]
[White "checkers4me"]
[Black "wiktormool"]
[Result "1-0"]
[WhiteElo "2367"]
[BlackElo "2002"]

1. d4 e6 2. c4 c5 3. d5 exd5 4. cxd5 Nf6 5. Nc3 d6 6. e4 a6 7. a4 Be7 8. h3 h6
9. Nf3 Bd7 10. Be2 Nh5 11. e5 g6 12. O-O Qc8 13. Nd2 Ng7 14. Nc4 Qc7 15. exd6
Bxd6 16. Ne4 Be7 17. d6 1-0

[Event "AUTO-MASTER-3251"]
[Site "http://www.queenalice.com/game.php?id=1851667"]
[Date "2025.2.6"]
[Round "1"]
[White "Pipo712"]
[Black "wiktormool"]
[Result "0-1"]
[WhiteElo "2001"]
[BlackElo "1961"]

1. e4 c5 2. f4 Nc6 3. Nf3 e5 4. fxe5 Qe7 5. d4 cxd4 6. Bg5 f6 7. exf6 Qxe4+ 8.
Be2 Nxf6 9. Nbd2 Qd5 10. Bc4 Qf5 11. O-O Bc5 12. Qe2+ Kf8 13. Bxf6 d3+ 14. Qf2
Bxf2+ 15. Rxf2 gxf6 16. Nh4 Qg5 17. Raf1 Qxh4 18. Rxf6+ Ke7 19. Bxd3 Qxf6 0-1